|
|
|
|
| LEADER |
00917cam a22002291 4500 |
| 008 |
750507s1964 nyu b 000 0 eng |
| 010 |
|
|
|a 64018565
|
| 035 |
|
|
|a (OCoLC)1315154
|
| 042 |
|
|
|a premarc
|
| 082 |
|
|
|a 818.52 CRO/F
|
| 100 |
1 |
|
|a Cross, K. G. W.
|
| 245 |
1 |
0 |
|a F. Scott Fitzgerald
|c [by] K.G.W. Cross.
|
| 260 |
|
|
|a New York,
|b Grove Press
|c [1964]
|
| 300 |
|
|
|a 120 p.
|c 19 cm.
|
| 490 |
0 |
|
|a Evergreen pilot books,
|v EP30
|
| 504 |
|
|
|a Bibliography: p. [116]-120.
|
| 600 |
1 |
0 |
|a Fitzgerald, F. Scott
|q (Francis Scott),
|d 1896-1940.
|
| 906 |
|
|
|a 7
|b cbc
|c oclcrpl
|d u
|e ncip
|f 19
|g y-gencatlg
|
| 942 |
|
|
|c BK
|
| 999 |
|
|
|c 201091
|d 201091
|
| 952 |
|
|
|0 0
|1 0
|4 0
|6 818_520000000000000_CRO_F
|7 0
|9 222570
|a ENG
|b ENG
|c ST1
|d 2017-08-21
|i 1720
|l 0
|o 818.52 CRO/F
|p ENG1720
|r 2017-08-21
|w 2017-08-21
|y BK
|
| 952 |
|
|
|0 0
|1 0
|4 0
|6 818_520000000000000_CRO_F
|7 0
|9 222571
|a ENG
|b ENG
|c ST1
|d 2017-08-21
|i 222
|l 0
|o 818.52 CRO/F
|p ENG222
|r 2017-08-21
|w 2017-08-21
|y BK
|